Представление документа в формате MARC21

Поле Инд. ПП Название Значение
Тип записи a
Библиографический уровень m
001 Контрольный номер RU/IS/BASE/336570867
005 Дата корректировки 20200616101616.3
040 a Служба первич. каталог. НБ ТвГУ
b Код языка каталог. rus
e Правила каталог. PSBO
041 0_ a Код языка текста rus
h Код языка оригинала ger
080 a Индекс УДК 329.18(430)(091)
084 a Индекс другой классификации/Индекс ББК Т3(4Гем)613
090 a Полочн. индекс Т3(Гем)
x Авторский знак Р 82
100 1_ a Автор Руге Вольфганг
e Роль лиц Автор
245 10 a Заглавие Как Гитлер пришел к власти
b Продолж. заглавия германский фашизм и монополии
c Ответственность В. Руге ; сокращенный перевод с немецкого Г. Рудого ; послесловие Я. С. Драбкина
260 a Место издания Москва
b Издательство Мысль
c Дата издания 1985
300 a Объем 318, [2] с.
504 a Библиография Библиогр. в примеч.: с. 309-319
653 0_ a Ключевые слова 20 в.
a Ключевые слова Германия
a Ключевые слова Германский фашизм
a Ключевые слова История Германии
a Ключевые слова Монополии в Германии
a Ключевые слова Политические партии Германии
a Ключевые слова Фашизм
a Ключевые слова Монополии
a Ключевые слова Гитлер Адольф
700 1_ a Другие авторы Драбкин Яков Самойлович
e Роль лиц Автор предисловия и т.д.
700 1_ a Другие авторы Рудой Григорий Яковлевич
e Роль лиц Переводчик
901 t Тип документа m
920 a Оператор Бочк
a Оператор МПоля
930 a Новая/Ретро ретро
954 a Дата поступления на обработку 20100831
c Дата окончания ОНО 20200616